000 00274nam a22001337a 4500
008 170420b xxu||||| |||| 00| 0 eng d
020 _a0697147495
041 _aeng
080 _a573
100 _a11
101 _aSHM
245 _aBIOLOGY
_cALLEN, R.D
942 _2udc
_cBK
999 _c11324
_d11324